All NFL Starting Quarterbacks of the 2020s - Statistics

General Stats
  • This quiz has been taken 1,506 times
    364 since last reset
  • The average score is 147 of 221
Answer Stats
Hint Answer % Correct
33-38 Kyler Murray
97%
2-13 | 28-24 Geno Smith
96%
58-28 Lamar Jackson
96%
10-6 | 34-15 | 6-12 Aaron Rodgers
95%
1-3 | 1-5 | 17-13 | 27-24 Baker Mayfield
95%
43-31-1 Dak Prescott
95%
12-10 | 32-25 Kirk Cousins
95%
0-1 | 14-3 | 2-10 | 8-9 Sam Darnold
95%
24-10 Bo Nix
94%
21-35-1 | 8-5 Daniel Jones
94%
18-24 | 2-5 | 5-3 Mac Jones
94%
46-28 | 5-11 Matthew Stafford
94%
0-3 | 11-19 | 18-12 | 6-5 Russell Wilson
94%
5-1 Alex Smith
93%
14-13 | 24-24 Derek Carr
93%
48-33-1 | 9-6 Jared Goff
93%
44-31 Tua Tagovailoa
93%
12-21 Zach Wilson
93%
28-18 CJ Stroud
92%
57-25 Jalen Hurts
92%
62-27 Josh Allen
92%
10-28 | 2-7 | 4-2 Justin Fields
92%
52-43 Justin Herbert
92%
71-24 Patrick Mahomes
92%
0-1 | 1-5 Brandon Allen
91%
31-15 Brock Purdy
91%
14-29 Bryce Young
91%
11-22 | 4-7-1 Matt Ryan
91%
32-18 Tom Brady
91%
25-42 Trevor Lawrence
91%
16-18 Caleb Williams
90%
43-33-1 Joe Burrow
90%
1-5 | 1-8 | 2-4 | 5-4 Joe Flacco
90%
0-2 | 1-3 Kyle Allen
90%
27-20-1 Jordan Love
89%
14-10 Jayden Daniels
88%
4-12 | 9-10 Deshaun Watson
87%
17-12 Drake Maye
87%
4-8 Michael Penix
87%
1-11 | 1-4 | 2-3 | 4-7 Jacoby Brissett
86%
0-1 | 19-12 | 3-3 Jimmy Garoppolo
85%
19-10 Ben Roethlisberger
84%
0-1 | 1-0 | 2-3 | +3 others Carson Wentz
83%
1-0 | 1-1 | 14-10 Kenny Pickett
83%
11-8 Philip Rivers
83%
35-21 Ryan Tannehill
82%
1-6 | 3-3 | 4-5 | 6-8 Andy Dalton
81%
3-14 Cam Ward
80%
0-1 | 1-3 | 1-7 | +2 others Gardner Minshew
80%
0-2 | 2-5 | 6-4 Jameis Winston
79%
0-5 | 7-8 Cam Newton
78%
8-7 Anthony Richardson
77%
8-19-1 Davis Mills
75%
9-3 Drew Brees
75%
5-4 Tyler Shough
75%
4-8 Jaxson Dart
74%
2-3 | 5-6 Tyler Huntley
74%
6-4 JJ McCarthy
73%
2-5 | 6-3 Mitchell Trubisky
73%
1-4 | 2-2 | 4-12 Drew Lock
72%
1-2 | 2-3 Malik Willis
72%
2-6 | 5-8 Marcus Mariota
72%
0-1 Anthony Brown
71%
3-4 Shedeur Sanders
71%
1-0 | 1-3 | 2-3 | 2-4 Tyrod Taylor
71%
0-2 | 9-5 Cooper Rush
70%
6-11 Aidan O'Connell
69%
1-13 Spencer Rattler
69%
0-1 | 2-2 Trey Lance
69%
5-16 Will Levis
69%
0-2 | 3-5 Nick Foles
66%
4-6 Jake Browning
63%
0-1 | 0-2 | 1-7 | 2-2 Joshua Dobbs
63%
1-4 | 3-2-1 Mason Rudolph
63%
0-1 | 4-3 Ryan Fitzpatrick
61%
0-2 | 4-11 | 7-7 Teddy Bridgewater
59%
0-1 | 8-9 Desmond Ridder
58%
1-5 Dillon Gabriel
58%
1-3 | 12-11-1 Taylor Heinicke
58%
0-1 | 1-1 Josh Johnson
54%
1-4 Dorian Thompson-Robinson
51%
3-5 Tommy DeVito
51%
0-4 Easton Stick
50%
2-5 Mike White
49%
5-13 Sam Howell
49%
0-2 | 1-1 Jarrett Stidham
47%
7-2 Taysom Hill
46%
1-1 Tanner McKee
45%
0-1 | 4-4 Bailey Zappe
44%
1-2 Quinn Ewers
44%
0-1 Chad Henne
41%
1-1 | 4-3 PJ Walker
41%
1-2 Skylar Thompson
41%
0-1 | 0-3 | 3-6 Nick Mullens
40%
0-1 Robert Griffin
40%
2-2 Tyson Bagent
39%
1-1 | 2-0 Case Keenum
38%
0-1 Clayton Tune
37%
1-5 Dwayne Haskins
34%
0-1 | 0-4 | 2-1 Trevor Siemian
34%
1-1 | 3-3 Colt McCoy
33%
1-0 Blaine Gabbert
32%
0-1 | 0-2 Brian Hoyer
32%
1-1 Max Brosmer
32%
0-1 Ben DiNucci
31%
0-4 Brady Cook
31%
0-2 Chris Oladokun
29%
0-2 | 0-3 Tim Boyle
29%
2-2 John Wolford
28%
0-1 Riley Leonard
28%
1-0 | 1-1 CJ Beathard
26%
0-4 | 0-5 Mike Glennon
26%
0-1 Trace McSorley
25%
0-1 Kendall Hinton
22%
0-1 Garrett Gilbert
21%
0-3 Sam Ehlinger
21%
0-1 | 2-1 Brett Rypien
20%
0-1 Ian Book
20%
0-1 Nathan Peterman
20%
1-0 Ryan Finley
19%
0-2 David Blough
18%
0-1 Bryce Perkins
17%
0-1 Jake Haener
17%
1-1 Jaren Hall
17%
0-1 Jeff Driskel
17%
0-1 Davis Webb
16%
0-2 Jake Fromm
16%
0-1 Sean Mannion
15%
0-3 Jake Luton
14%
No matching quizzes found
Score Distribution
Percent of People with Each Score
Percentile by Number Answered
Your Score History
You have not taken this quiz since the last reset